|
|
|
|
| LEADER |
00000nkm a2200000 a 4500 |
| 001 |
vtls011879224 |
| 003 |
SK-MaSNL |
| 005 |
20260301144121.0 |
| 007 |
kf bo |
| 008 |
230706q1943 xo g kuslo |
| 015 |
|
|
|a SNBG1943
|
| 035 |
|
|
|a urn:nbn:sk:snk-km00duof
|
| 035 |
|
|
|a urn:nbn:sk:snk-km3ltdu
|
| 035 |
|
|
|a 2C3EFF45-8285-43AB-BD84-7F7B745BC4CE
|
| 040 |
|
|
|a SNK
|b slo
|c SNK
|e AACR2
|
| 041 |
0 |
|
|a slo
|
| 043 |
|
|
|a e-xo---
|
| 044 |
|
|
|a xo
|c SK
|
| 072 |
|
7 |
|a 913
|x Regionálna geografia
|2 konspekt
|
| 080 |
|
|
|a 913(437.6)
|2 2011
|
| 080 |
|
|
|a (084.121)
|2 2011
|
| 080 |
|
|
|a 721
|2 2011
|
| 245 |
0 |
0 |
|a Smrdáky
|h grafika
|
| 260 |
|
|
|a [Slovensko?]
|b [vydavateľ neznámy]
|c [1943?]
|
| 300 |
|
|
|a 1 pohľadnica
|b čiernobiela
|c 9 x 14 cm
|
| 500 |
|
|
|a Názvové údaje prevzaté z obrazovej časti pohľadnice
|
| 520 |
8 |
|
|a Zobrazenie: Pohľad z trávnika na budovu, pred ktorou vpravo sú kríky a vľavo stromy. Na trávniku je päť stromčekov. Vľavo v strede medzi stromčekami je drevená stolička a vedľa nej vľavo za kríkom stojí muž
|
| 650 |
0 |
7 |
|a budovy
|2 SNKPH
|9 1283
|
| 651 |
|
7 |
|a Smrdáky (Slovensko)
|2 SNKPHgeo
|9 82459
|
| 655 |
|
7 |
|a miestne pohľadnice
|2 SNKPH
|9 70510
|
| 852 |
|
|
|a Slovenská národná knižnica
|
| 958 |
|
|
|a GBN
|
| 958 |
|
|
|a GC
|
| 958 |
|
|
|a ONDV
|
| 999 |
|
|
|c 776021
|d 777951
|
| 952 |
|
|
|a SNK
|b SNK
|y PREZ
|7 0
|p 17A1232090
|o snkSP 22588
|z Pohľadnica prešla poštou. ; Pohľadnica ma zostrihnuté všetky štyry okraje.
|0 0
|1 0
|4 0
|d 2019-07-29
|f 1
|l 0
|r 2026-02-24 00:49:21
|w 2026-02-24
|